Uprava

Detalles Bibliográficos
Nuevo Título:Mednarodna revija za javno upravo (Tiskana izd.)
Formato: Electrónico Revista
Lenguaje:esloveno
inglés
Publicado: Ljubljana, Slovenia : University of Ljubljana, Faculty of Administration, Journal Uprava/Administration
Materias:
Acceso en línea:Full text available from Research Library: 03/01/2012 to 12/31/2012

MARC

LEADER 00000nas a2200000 i 4500
001 ssj0001508926
003 WaSeSS
005 20200512172242.0
006 m d
007 cr n
008 150506u20uuuuuuxv qr p|s|||||| |0slv d
022 |y 1581-7555 
035 |a (WaSeSS)ssj0001508926 
040 |a WaSeSS  |b eng  |c WaSeSS  |d WaSeSS 
041 |a slv  |a eng 
050 4 |a HD28 
245 0 0 |a Uprava  |h [electronic resource]. 
246 1 1 |a Administration 
260 |a Ljubljana, Slovenia :  |b University of Ljubljana, Faculty of Administration, Journal Uprava/Administration 
310 |a Quarterly 
506 |a License restrictions may limit access. 
546 |a In Slovenian and English. 
588 |a Description based on: Volume X, Number 1 (2012); title from article pdf (ProQuest, viewed May 6, 2015). 
588 |a Latest issue consulted: Volume X, Number 4 (2012) (viewed May 6, 2015). 
650 0 |a Public administration  |v Periodicals. 
655 0 |a Electronic journals. 
776 0 8 |i Print version:  |t Uprava  |x 1581-7555 
785 0 0 |t Mednarodna revija za javno upravo (Tiskana izd.)  |x 2335-3414 
856 4 0 |z Full text available from Research Library: 03/01/2012 to 12/31/2012  |u https://search.proquest.com/publication/3462